All crocodile species - Statistics

General Stats
  • This quiz has been taken 35 times
  • The average score is 3 of 6
Answer Stats
Answer % Correct
Saltwater
97%
Nile
90%
American
69%
Dwarf
24%
Marsh
3%
West-African slender-snouted
0%
No matching quizzes found
Score Distribution
Percent of People with Each Score
Percentile by Number Answered
Your Score History
You have not taken this quiz